[Event "ESP-chT Honor Gp1 49th"]
[Site "Merida"]
[Date "2005.08.27"]
[Round "4"]
[White "Sokolov, Ivan"]
[Black "Macieja, Bartlomiej"]
[Result "1-0"]
[WhiteElo "2691"]
[BlackElo "2593"]
[Annotator "Gershon,A"]
[PlyCount "91"]
[EventDate "2005.08.24"]
[EventType "team"]
[EventRounds "5"]
[EventCountry "ESP"]
[SourceTitle "CBM 109"]
[Source "ChessBase"]
[SourceDate "2005.11.14"]
[SourceVersion "1"]
[SourceVersionDate "2005.11.14"]
[SourceQuality "1"]

1. d4 Nf6 2. c4 e6 3. Nf3 Bb4+ 4. Nbd2 b6 5. a3 Bxd2+ 6. Qxd2 Bb7 7. e3 a5 {
a rare move which, however, has its logic: black doesn't allow white to
conquer space on the queen side, but pays a tempo for it. I think that the
tempo is of more value here.} (7... O-O {is the most principled continuation
here:} 8. Be2 d6 9. O-O Nbd7 10. b4 Ne4 11. Qc2 f5 12. d5 exd5 13. Nd4 Qf6 14.
Bb2 c5 15. Nc6 d4 16. b5 Bxc6 17. bxc6 Ne5 18. exd4 Nxc6 19. dxc5 Nd4 20. Bxd4
Qxd4 21. Bf3 Qxc5 22. Bxe4 fxe4 23. Qxe4 {1/2-1/2 Gelfand,B-Moiseenko,A/Sochi
RUS 2005/The Week in Chess 546 (31) with an equality}) (7... d6 8. Be2 Nbd7 9.
b4 a5 10. Bb2 O-O 11. O-O Qe7 12. Rfd1 Ne4 13. Qc2 f5 14. d5 e5 15. Nd2 Ndf6
16. f3 Ng5 17. Bc3 a4 18. Rf1 b5 19. e4 bxc4 20. Bxc4 f4 21. b5 $16 {1-0
Topalov,V-Bagheri,A/Bastia FRA 2004/The Week in Chess 522 (44)}) 8. b3 d6 ({
an attempt to close up the center with} 8... O-O 9. Be2 d5 {didn't work out
too well for black:} 10. O-O Nbd7 11. Bb2 a4 12. b4 Ne4 13. Qc2 dxc4 14. Bxc4
Nd6 15. Bd3 f5 16. Qe2 Be4 17. Rac1 Nf6 18. Ne5 {1-0 Belov,V-Kuzubov,Y/St
Petersburg 2003/EXT 2004 (33) black has a bad weakness on c6 (and c7) and
white used it nicely.}) 9. Bb2 Nbd7 10. Be2 O-O 11. O-O Qe7 12. Qc2 (12. Rfd1 {
allowing} Ne4 {also comes into consideration:} 13. Qc2 f5 14. d5 e5 15. Nd2
Nxd2 16. Rxd2 Bc8 17. f3 Qg5 18. Qc3 Nc5 19. Re1 a4 20. b4 Nb3 21. f4 $1 Qe7
22. Rdd1 e4 23. Kh1 {1-0 Johannessen,L-Korchnoi,V/Gothenburg SWE 2005/The Week
in Chess 561 (36) with a one-sided game.}) 12... c5 $146 {Black's idea here is
to put a wall in the center and on the queen side, trusting his free of
weakness position. He is, however, a bit too passive, which ensures white's
long term advantage.} ({after} 12... Ne4 13. Nd2 $6 (13. Rfd1) 13... Nxd2 14.
Qxd2 f5 15. Bc3 (15. b4) 15... e5 16. d5 Nc5 17. Qb2 Ne4 18. Rfe1 Qg5 19. b4
axb4 20. axb4 b5 21. Ra5 bxc4 22. Bxc4 Rfb8 {black managed to get an equality.
White's play, however, could and should be improved. 1/2-1/2 Husari,S-Werner,D/
Budapest 2003/CBM 94 ext}) 13. Rfd1 h6 14. Rac1 Rfc8 15. Ba1 {White is
planning to build a strong battery along the a1-h8 diagonal (after Qb2), after
which all kinds of possible tactics in the center will be in the air. This
forces black to act, but he's happy to do so anyway.} (15. Qb1 {makes more
sense to me - by nature I don't like my queens standing in opposition with
opponents' rooks.}) 15... b5 ({for example, after} 15... cxd4 16. Nxd4 d5 17.
Qb2 {the white forces are much better placed for the upcomming battle.}) 16. d5
{"on a flank attack one should answer with a break in the center"... well,
it's not exactly a typical case for that, but it still worked in this game 
(not without the opponent's aid).} (16. cxb5 cxd4 17. Qb2 dxe3 18. fxe3 Nc5 {
is not satisfactory for white: black has a very strong outpost on e4 for his
knights.}) 16... exd5 $2 {and this is already a mistake, after which white
gets a well felt advantage.} (16... b4 {must have been played, sealing the
queen side, and aiming to do the same in the center (with e5). That pretty
much forces white to play} 17. dxe6 (17. e4 e5 18. a4 Nh7 $1 {[%cal Gd7f8,
Gc8e8,Gb7c8] the position is solid enough for black.}) 17... fxe6 18. a4 {
and although black has a weakness on d6 - it's not something that would scare
a Nimzo Indian player. black is fine here. The weakness on g6 and the light
squares in general is easily covered by Nf8.}) 17. cxd5 Bxd5 ({now} 17... b4 {
is already not the same, as white will always have the option of advancing his
'e' pawn.}) (17... c4 {however, is quite an interesting option:} 18. Nd4 (18.
bxc4 Bxd5) 18... cxb3 19. Qxb3 Rxc1 20. Rxc1 Bxd5 21. Qxb5 Nc5 22. Rd1 {
alghout here too white has an advantage.}) 18. Bxb5 Bxf3 19. gxf3 {although
black managed to ruin white structure on the kingside, he's left witout
bishops to opposes white's, and the open 'g' will be against him rather than
for him.} Ne5 $6 {a superficial move.} ({better was} 19... Qe6 $16 {[%cal
Ge6b3,Ge6h3] not allowing white dominate the position, and creating an
illusion of counterplay.}) 20. Qf5 $1 {paralizing all black pieces.} Rcb8 (
20... g6 21. Qh3 {followed by f3-f4 is a suicide for black.}) 21. a4 {to go
along with the strong bishop pair (and the diagonal they usually move on),
white has a juicy weakness on d6 to play against.} Rb6 22. Kh1 {...here it
comes. Black's position is already very difficult.} g6 23. Qh3 Kh7 24. Qg2 $1 {
an unexpected and very strong move. White wants to play f4, winning material,
and white black is forced to react, white protects the f2 pawn, which will
become vulnerable after f4.} Nc6 25. f4 Rc8 26. f3 (26. f5 {was also
interesting, but Ivan is in no hurry, and takes away any possible counterplay
of black's..} g5 27. Rg1 $16 {[%cal Gg2h3]}) 26... Nb4 (26... Na7 27. Bd3 (27.
Qb2 Nh5 28. Rd5 Qxe3 (28... Nxb5 29. Rxh5 f5 30. Qg2 Nd4 31. Rg1 d5 32. exd4
gxh5 33. dxc5 {and black is doomed}) 29. Rxh5 Qxf3+ 30. Kg1 Qg4+ $11) 27...
Rxb3 28. Qc2 c4 (28... Rcb8 29. Rg1 {and black is helpless}) 29. Bxc4 Rb4 30.
Qd3 $16) 27. Qh3 {the queen's mission on g2 is done, and it goes back, again
with tempo.} Rg8 28. Qh4 Nfd5 (28... Qxe3 29. Qxf6 Qxf3+ 30. Kg1 Qg4+ 31. Kf2 {
game over.}) (28... d5 29. Be5 {is hopeless for black.}) 29. Qxe7 Nxe7 30. e4 {
[%csl Rb4,Rc5,Rd6,Rf7][%cal Ga1h8] In this endgame black's position consists
of weaknesses only, and no counterplay.} Rc8 31. Bc4 Kg8 32. Rd2 {[%csl Rd6]
[%cal Gc1d1,Gd2d6]} Kf8 33. Rcd1 Rd8 34. Be5 {the simplest.} (34. Bf6 $2 d5 {
with some hopes for black.}) 34... Nc8 35. Bf6 Re8 36. e5 $1 d5 (36... dxe5 37.
fxe5 {followed by invasion through d7 or d8.}) 37. Bxd5 Nxd5 38. Rxd5 {now
it's time to pick up the weaknesses} Ne7 (38... Rxb3 39. Rd8 Ne7 40. Bg7+ $18)
39. Rxc5 Ng8 (39... Rxb3 40. Rd7 Ng8 41. Rcc7 {is nasty}) 40. Bh4 Rxb3 41. Rxa5
Rxf3 42. Bg3 {looks quite ugly for white, but it's temporary only. Black
cannot save his 7th and 8th ranks.} Ra3 (42... Rb3 43. Ra7 Rbb8 44. Bf2 Ra8 45.
Rdd7 Rxa7 46. Bc5+ Kg7 47. Rxa7 {[%csl Rg8] and the pawn will queen easily.})
43. Ra7 Re7 44. Rd8+ Re8 45. Rxe8+ Kxe8 46. Ra8+ 1-0

[Event "Novak Nikolic Memorial 2nd"]
[Site "Belgrade"]
[Date "2000.02.05"]
[Round "3"]
[White "Zhukova, Natalia"]
[Black "Shcherbakov, Ruslan"]
[Result "1/2-1/2"]
[WhiteElo "2471"]
[BlackElo "2552"]
[Annotator "Gershon,A"]
[PlyCount "50"]
[EventDate "2000.02.02"]
[EventType "tourn"]
[EventRounds "11"]
[EventCountry "YUG"]
[EventCategory "11"]
[SourceTitle "CBM 076"]
[Source "ChessBase"]
[SourceDate "2000.05.31"]
[SourceVersion "1"]
[SourceVersionDate "2000.05.31"]
[SourceQuality "1"]

1. d4 Nf6 2. Nf3 e6 3. c4 c5 4. e3 b6 5. Nc3 Bb7 6. Bd3 d6 7. O-O Nbd7 8. b3 (
8. a4 Be7 9. b3 a6 10. Bb2 O-O 11. d5 e5 12. Nd2 g6 13. f4 exf4 14. exf4 Nh5
15. g4 Ng7 16. Nf3 f5 17. g5 Re8 18. Ne2 Bf8 19. Ng3 b5 20. a5 Qe7 21. Re1 $16
{1-0 Nikcevic,N-Romanishin,O/Koszalin 1998/CBM 65 ext (33)}) (8. a3 Be7 9. b4
a6 10. Qb3 Rc8 11. Bb2 Qc7 12. Rac1 cxd4 13. exd4 O-O 14. d5 e5 15. Nd2 Nh5 16.
Qd1 Nf4 17. Bb1 f5 18. g3 Ng6 19. Qh5 e4 20. Ne2 Bf6 21. Bxf6 Nxf6 22. Qxf5
Rce8 23. Qh3 $16 {1-0 Czebe,A-Palkovi,J/Budapest 1997/CBM 58 ext (61)}) 8... g6
$146 {An interesting novelty. In most variations the bishop on b2 becomes very
important in white's play, therefore, the idea to put his own bishop on g7
shouldn't be bad for black} (8... a6 9. a4 (9. Bb2 Be7 10. Re1 O-O 11. d5 e5
12. e4 g6 13. Ne2 b5 14. Bc1 b4 15. Bh6 Re8 16. Qc1 Nh5 17. g4 Ng7 18. Kh1 Nf6
19. Rg1 Bc8 20. h3 a5 21. Ng3 $36 {1-0 Lobron,E-Vanderwaeren,S/Antwerp 1996/
EXT 99 (48)}) 9... g6 10. Bb2 Bg7 11. d5 exd5 12. Nxd5 O-O 13. Nxf6+ Nxf6 14.
Qe2 Re8 15. Rfd1 Qc7 16. Ne1 d5 17. cxd5 Nxd5 18. Bxg7 Kxg7 19. Qb2+ Kg8 20.
Rac1 Qe7 21. Be2 Nf6 22. Bf3 Bxf3 23. Nxf3 Rad8 24. Qc2 Ne4 $11 {0-1 Garcia,
R-Sunye Neto,J/Buenos Aires 1998/CBM 67 ext (46)}) (8... Be7 9. Bb2 cxd4 (9...
O-O 10. d5 e5 11. Nd2 Ne8 12. f4 exf4 13. exf4 Bf6 14. Nf3 Nc7 15. Qc2 h6 16.
g4 Re8 17. Ne4 Bxb2 18. Qxb2 Nf6 19. Nxf6+ Qxf6 20. Qxf6 gxf6 21. Kf2 $16 {
1-0 Dizdar,G-Kogan,A/Kranevo 1996/CBM 55 ext (60)}) 10. exd4 O-O 11. Re1 Re8
12. h3 Bf8 13. Re3 g6 14. Re1 a6 {1/2-1/2 San Segundo,P-Pigusov,E/Las Palmas
1996/EXT 99 (14)}) 9. Bb2 Bg7 10. Bc2 (10. Nb5 Qb8 11. dxc5 dxc5 $11) 10... O-O
11. Qe2 a6 12. Rad1 Qc7 13. e4 $6 ({In order to fight for an advantage I like
this move more since after the text black gets to do everything too easily} 13.
Bb1 $142 Rac8 14. d5 $14 {[%cal Ge3e4]}) 13... cxd4 14. Nxd4 {Now a bHadghog
position is reached while white pieces are a bit strangely placed (Bc2, Rad1)
plus she has lost a tempi on the e3-e4 advance.All these allow black to even
the position} Rfe8 {[%cal Gd6d5]} 15. Qd2 d5 16. exd5 exd5 17. Nxd5 Nxd5 18.
cxd5 Bxd5 19. Bb1 (19. Nb5 axb5 20. Bxg7 Kxg7 21. Qxd5 Nf6 22. Qd3 Rxa2 $17) (
19. Rfe1 Rad8 20. Rxe8+ Rxe8 $11) 19... Rad8 20. Nf5 (20. Nb5 $2 axb5 21. Bxg7
Bxg2 $19) 20... Bxb2 21. Qxb2 Qe5 $11 {With a but weakenned king black'd
better change the Q's.} (21... Ne5 $143 22. f4 $40) 22. Qxe5 Nxe5 23. Ne3 Bc6
24. Rxd8 Rxd8 25. Rd1 Rxd1+ 1/2-1/2

[Event "Perenyi Memorial"]
[Site "Gyula"]
[Date "2000.01.24"]
[Round "1"]
[White "Danner, Georg"]
[Black "Yu, Shaoteng"]
[Result "0-1"]
[WhiteElo "2443"]
[BlackElo "2535"]
[Annotator "Gershon,A"]
[PlyCount "70"]
[EventDate "2000.01.24"]
[EventType "tourn"]
[EventRounds "13"]
[EventCountry "HUN"]
[EventCategory "9"]
[SourceTitle "CBM 076"]
[Source "ChessBase"]
[SourceDate "2000.05.31"]
[SourceVersion "1"]
[SourceVersionDate "2000.05.31"]
[SourceQuality "1"]

{[%mdl 32768]} 1. d4 e6 2. Nf3 Nf6 3. e3 b6 4. Bd3 Bb7 5. O-O Be7 6. c4 O-O 7.
Nc3 d5 8. b3 c5 9. Bb2 Nc6 10. Rc1 cxd4 11. exd4 Rc8 12. Re1 Nb4 13. Bf1 (13.
Bb1 Re8 14. a3 Nc6 15. Bd3 g6 16. Na4 dxc4 17. bxc4 Rc7 18. c5 Nd5 19. Bb5 Qa8
$11 {1-0 Czebe,A-Kiss,A/HUN 1999/EXT 2000 (34)}) 13... Ne4 (13... g6 14. Ne5
Nc6 15. Nf3 Na5 16. Ne5 a6 17. Na4 dxc4 18. bxc4 Nc6 19. c5 Nd5 20. cxb6 Nxe5
21. dxe5 Rxc1 22. Bxc1 $16 {1-0 Danner,G-Tolnai,T/HUN 1998/EXT 2000 (43)}) (
13... Re8 14. a3 Nc6 15. cxd5 Nxd5 16. Nxd5 Qxd5 17. Bc4 Qh5 18. d5 Red8 19.
dxc6 Rxd1 20. Rexd1 Bxc6 21. Ba6 Rc7 22. Be2 Qg6 23. Ne1 f6 24. Rd2 Rd7 {
0-1 Roemer,U-Farago,I/Seefeld 1996/EXT 2000 (24)}) (13... Qd6 14. Ne5 Qb8 15.
a3 Nc6 16. cxd5 Nxe5 17. dxe5 Nxd5 18. Ne4 Rxc1 19. Qxc1 Rd8 20. g3 {1/2-1/2
Polgar,Z-Adorjan,A/Polanica Zdroj 1991/CBM 26 (20)}) 14. a3 (14. Ne5 Bg5 15.
Ra1 Bh4 16. Nxe4 dxe4 17. a3 Na6 18. b4 Nb8 19. Qa4 f6 20. Ng4 h5 21. Ne3 f5
22. g3 Bg5 23. d5 f4 24. Ng2 fxg3 25. hxg3 exd5 26. cxd5 Qxd5 $19 {0-1 Zeller,
F-Slobodjan,R/Dudweiler 1996/CBM 55 ext (37)}) 14... Nxc3 15. Rxc3 Nc6 16. Qc2
$6 $146 {White's idea is to make the usual advance d4-d5 when there is a rook
placed on d1, however, that means a waste of two tempis which allows black to
get ready for it. Plus, after this move white's rook looks a bit silly on c3.}
(16. cxd5 Qxd5 17. Bc4 (17. Bd3 Nxd4 18. Bxh7+ Kxh7 19. Qxd4 Qxd4 20. Nxd4 Bf6
21. Rd3 Rfd8 22. Ba1 Kg8 23. Rdd1 Rd5 24. Nf3 Rxd1 25. Rxd1 Bxa1 26. Rxa1 Bxf3
27. gxf3 Rc3 $17 {0-1 Van der Werf,M-Van den Doel,E/NLD-sf 1994/EXT 97 (47)})
17... Qh5 (17... Qd6 18. d5 Na5 19. Rd3 Nxc4 20. bxc4 Rfd8 21. Nd2 exd5 22.
cxd5 Bxd5 23. Nf1 Bf8 24. Ne3 Rc5 25. Qd2 Qh6 26. Rd1 Bd6 27. g3 Be4 28. Ng4
Qh3 29. f3 Bxd3 30. Qxd3 Rd5 {0-1 Lukacs,P-Atalik,S/Budapest 1991/CBM 23 ext 
(30)}) 18. d5 exd5 19. Qxd5 Qxd5 20. Bxd5 Bf6 21. Rc2 Rfd8 22. Bxf6 Rxd5 23.
Bb2 Rcd8 $11 {1/2-1/2 Shariyazdanov,A-Chernyshov,K/Djakovo 1994/EXT 97 (49)})
16... Bf6 {[%csl Rc3][%cal Gf6a1]} 17. Rd1 Qd6 18. cxd5 (18. Ne5 Nxe5 19. dxe5
Bxe5 20. Rh3 h6 $17) (18. Re3 dxc4 19. bxc4 Na5 {and black pieces are much
better placed.}) 18... Qxd5 19. Bc4 Qh5 20. d5 Na5 $1 {[%cal Gf6b2,Gb7g2]} (
20... exd5 $6 21. Rxd5 Ne5 {[%csl Rg2][%cal Gb7g2]} 22. Nxe5 (22. Rxe5 Bxe5 23.
Nxe5 Qxe5 {[%csl Re1]} 24. Qxh7+ Kxh7 25. Rh3+ Kg8 26. Bxe5 Rfd8 $19) 22...
Bxd5 23. Rh3 $1 {[%csl Rh7]} Rxc4 $8 24. Nxc4 (24. bxc4 Be4 $1 $17) 24... Qg6
$11) 21. dxe6 Nxc4 ({of course not} 21... Bxc3 $4 22. Qxc3 {[%csl Rg7]} Qg6 23.
exf7+ Kh8 24. Rd6 $18) 22. exf7+ Qxf7 23. Rxc4 Rxc4 24. bxc4 Bxb2 25. Qxb2 Bxf3
26. gxf3 Qxf3 {White is left with a completely ruined posiiton.} 27. Rd4 (27.
Qd4 Qxa3) 27... h6 {[%cal Gf8f5,Gf5g5]} 28. a4 Rf6 (28... Rf5 29. Rd8+ Kh7 30.
Qc2) (28... Re8 29. Qb1 Re5 $2 30. Rd8+ Kf7 31. Rd7+ Kf8 (31... Ke8 32. Rxg7)
32. Qb4+ Kg8 33. Rd8+ Kh7 34. Qb1+ Rf5 35. Qc2) 29. Qc2 (29. Rd8+ Kh7 $19 {
[%cal Gf6g6]}) 29... Re6 30. Qd2 (30. Rd8+ Kf7 31. Rd7+ Kf8 (31... Ke8 32. Rd1)
32. Rd8+ Ke7 33. Rd1 Re2 $19) 30... Rg6+ 31. Kf1 Qg2+ 32. Ke2 Re6+ 33. Kd1 Qf1+
34. Kc2 Re2 35. Rd8+ Kh7 0-1

[Event "Corus"]
[Site "Wijk aan Zee"]
[Date "2005.01.15"]
[Round "1"]
[White "Bruzon Batista, Lazaro"]
[Black "Kramnik, Vladimir"]
[Result "1/2-1/2"]
[WhiteElo "2652"]
[BlackElo "2754"]
[Annotator "Gershon,A"]
[PlyCount "52"]
[EventDate "2005.01.15"]
[EventType "tourn"]
[EventRounds "13"]
[EventCountry "NED"]
[EventCategory "19"]
[SourceTitle "CBM 105"]
[Source "ChessBase"]
[SourceDate "2005.04.11"]
[SourceVersion "1"]
[SourceVersionDate "2005.04.11"]
[SourceQuality "1"]

1. Nf3 Nf6 2. c4 b6 3. d4 e6 4. e3 Bb7 5. Bd3 d5 6. cxd5 exd5 7. O-O Bd6 8. Nc3
O-O 9. b3 a6 10. Bb2 Nbd7 11. Rc1 Qe7 12. Ne2 Ne4 13. Ng3 f5 14. Rc2 Rf7 15.
Re1 $146 {This novelty doesn't change the general assessment of this position,
that black is more than OK here.} (15. Qa1 $2 {Too careless - white is moving
all his pieces away from the kingside, leaving the king to survive on his own}
Re8 16. Rfc1 c6 17. Re1 g6 18. Ree2 h5 19. Nf1 h4 20. Ne1 Rh7 21. f3 Ng3 $1 $19
22. hxg3 hxg3 23. f4 Qh4 24. Nxg3 Qh2+ 25. Kf2 Nf6 26. Nf1 Ng4+ 27. Kf3 Qg1 28.
Rf2 Qxf1 29. e4 dxe4+ {0-1 Adler,J-Jenni,F/Switzerland 2003/EXT 2004}) (15. Qe2
g6 16. Rfc1 c6 17. Ne1 a5 18. Nf1 Re8 19. f4 g5 20. g3 Rg7 21. Kh1 Qf7 22. Ng2
Ndf6 23. Nd2 gxf4 24. Nxf4 Nxg3+ $1 25. hxg3 Bxf4 26. Nf1 (26. gxf4 Rxe3 $19)
26... Bxg3 $19 27. Bxf5 Ne4 28. Qf3 Nf2+ 29. Rxf2 Bxf2 30. Qxf2 Bc8 31. Ng3
Bxf5 32. Rxc6 (32. Nxf5 Qh5+ 33. Nh4 Re4) 32... Be4+ {0-1 Mamedjarova,
Z-Chiburdanidze,M/Calvia ESP 2004/The Week in Chess 520}) 15... g5 {Whereas
white doesn't have any clear line of play, black's game is straightforward.
However, black's last move is, perhaps, a bit too straightforward.} (15... g6
$5 {[%cal Gh7h4] was worth considering. Now black will find it hard to develop
his attack on the kingside.}) 16. Nd2 Raf8 17. Qe2 g4 ({Black had an
interesting option to continue his attack:} 17... h5 $5 18. Qxh5 (18. Nxh5 Rh7
19. Nf1 Rh8 $1 $36 {[%cal Ge7h7]}) 18... Bxg3 19. fxg3 (19. hxg3 Rh7 20. Qg6+ (
20. Qe2 Qd6 21. Bxe4 dxe4 $40) 20... Rg7 (20... Kh8 {[%cal Gf8f6]} 21. Bxe4
fxe4 22. Rxc7 $18) 21. Qh5 Ndf6 (21... Qf6 22. Rxc7 Rh7 23. Qxh7+ Kxh7 24.
Rxd7+ Rf7 25. Rxf7+ Qxf7 26. Nf3 $16) 22. Qf3 Nxd2 23. Rxd2 Ne4 24. Rc2 (24.
Bxe4 fxe4 25. Qe2 Rh7 $17) 24... Rh7 25. Rec1 Qd6 {[%cal Gd6h6,Gf5f4]} 26. Kf1
f4 27. exf4 gxf4 $40) 19... Rh7 20. Qe2 (20. Qg6+ Rg7 21. Qh5 Ndf6 22. Qe2 Rh7)
20... Ndf6 {[%cal Gh7h2,Yf6g4]} 21. Nxe4 (21. Bxa6 Rxh2 $1 22. Kxh2 Qh7+ 23.
Kg1 Nxg3 $19) 21... fxe4 22. Bxa6 Rxh2 $1 23. Kxh2 (23. Bxb7 Qh7 $19) 23...
Bxa6 24. Qd1 (24. Qxa6 Qh7+ 25. Kg1 Ng4 $19) 24... Qh7+ 25. Kg1 Bc8 26. Ba3 (
26. Rf2 Ng4 27. Rxf8+ Kxf8 28. Kf1 Qh1+ 29. Ke2 Qxg2#)) 18. Bxe4 $1 {after
this precise move, black hardly has winning chances anymore.} fxe4 (18... dxe4
19. Nc4 $14) 19. Qxg4+ Kh8 20. f4 Bc8 (20... exf3 21. Nxf3 Rg7 22. Qh4 ({
of course not} 22. Nf5 $4 Rxg4 23. Nxe7 Rxf3 $19 (23... Bxe7 24. Rxc7)) 22...
Qxh4 23. Nxh4 Bxg3 24. hxg3 {[%csl Rc7]} c6 25. Ba3 Rff7 26. e4 $1 $16) 21. Qg5
{Now the game will quickly reach a dead drawn position} Qxg5 22. fxg5 Rg7 23.
Rec1 Kg8 24. Nb1 (24. Ndxe4 dxe4 25. Nxe4 Bb7 26. Nxd6 cxd6 27. Ba3 Rxg5 28.
Bxd6 Rf7 $15) 24... b5 25. Nc3 Nb6 26. Nce2 Rxg5 1/2-1/2

[Event "Griesheim GM 3rd"]
[Site "Griesheim"]
[Date "2003.01.30"]
[Round "2"]
[White "Krivoshey, Sergei"]
[Black "Ruck, Robert"]
[Result "1/2-1/2"]
[WhiteElo "2503"]
[BlackElo "2583"]
[Annotator "Gershon,A"]
[PlyCount "53"]
[EventDate "2003.01.29"]
[EventType "tourn"]
[EventRounds "9"]
[EventCountry "GER"]
[EventCategory "11"]
[SourceTitle "CBM 094"]
[Source "ChessBase"]
[SourceDate "2003.05.26"]
[SourceVersion "1"]
[SourceVersionDate "2003.05.26"]
[SourceQuality "1"]

1. d4 Nf6 2. c4 e6 3. Nf3 b6 4. e3 Bb7 5. Bd3 d5 6. O-O Nbd7 7. Nc3 a6 8. b3
Bd6 9. Bb2 O-O 10. Qc2 {This idea was introduced to prectice by GM E.Geller,
back in 53. White allows black to capture on f3, hoping that his strong center
will compensate for some kingside weakness. However, black proved to have
enought counterplay against white's king, and the variation is rarely played
in today's GM practice.} ({the more common move nowadays is:} 10. Qe2) 10...
dxc4 11. bxc4 Bxf3 12. gxf3 c5 (12... e5 {led to a forced draw after:} 13. Ne4
Nxe4 14. Bxe4 Qh4 15. Bxa8 e4 16. f4 {in: Peters,J-Dzindzichashvili,R/New York
1980/MCD (16)}) 13. f4 $5 {Krivoshey comes up with an interesting pawn
sacrifice.} (13. Ne4 Nxe4 14. fxe4 Bxh2+ 15. Kxh2 Qh4+ 16. Kg2 {1/2-1/2 Geller,
E-Averbakh,Y/Garga 1953/MCL (16).}) (13. d5 Ne5 14. f4 Nxd3 15. Qxd3 Qe7 16.
Kh1 e5 17. fxe5 Bxe5 18. Rg1 Rfe8 19. Rg2 Rad8 20. f4 $14 {1/2-1/2 Jussupow,
A-Timman,J/NED 2001/EXT 2002 (29)}) 13... cxd4 14. Ne4 Nxe4 15. Bxe4 Rc8 16.
Rad1 {not in a hurry to recapture the pawn. White puts his hopes on his bishop
pair in an open position. However, his own king is rather vulnerable.} (16.
Bxh7+ $143 Kh8 17. Bxd4 b5 (17... e5 18. fxe5 Nxe5 19. f4 $16) (17... Qh4 18.
Be4 e5 19. fxe5 Nxe5 20. f4 $16 {[%cal Gf1f3]}) 18. Bd3 bxc4 19. Bxc4 Qh4 {
with good compensation for the pawn}) 16... Nf6 17. Rxd4 Qc7 (17... Nxe4 18.
Qxe4 Qe7 19. Rfd1 Rfd8 $11 {would be good enough for equality as well}) 18. Bf3
Bc5 19. Rd3 Be7 {[%csl Rc4]} 20. Rc1 Nd7 {[%cal Ge7f6,Gd7c5]} 21. Qb1 Nc5 (
21... Bf6 $5 22. Ba3 Nc5 23. Bxc5 Qxc5 24. Bb7 Rcd8 25. Bxa6 Rxd3 26. Qxd3 Ra8
$15) 22. Be5 Qa7 23. Rd2 Rfd8 {After the rooks are gone, the game soon ends in
a draw.} 24. Rxd8+ Rxd8 25. Rd1 f6 26. Rxd8+ Bxd8 27. Bd6 (27. Bd6 Qd7 28. Bxc5
bxc5 $11) 1/2-1/2